Obálka Náhled e-knihy:
PDF Epub
Pro půjčování e-knih musíte být přihlášeni.
Jak si půjčit online?

Satanovo jaro (2. vydání) /

Druhý díl série historických detektivních příběhů Jožíka Bukovského, který čtenáře zavede od pelhřimovských hradeb až za oceán. Roku 1691 je v Pelhřimově téměř před zraky diváků povražděna tlupa kočovných komediantů, z nichž se zachrání jediná osoba, představitelka Kolombíny. Ta se poté skrývá u z...

Celý popis

Uloženo v:
Série:Jožík Bukovský, část 2
Hlavní autor: Pošíval, Zdeněk (Autor)
Médium: E-kniha
Jazyk:Czech
Vydáno: Praha : Nakladatelství Epocha s.r.o., 2026
Příbuzné jednotky:Z cyklu:: Jožík Bukovský
Tagy:
Žádné tagy
LEADER 01899nam a22002417i 4500
001 313972
007 ta
008 260627s2026 xr ||||| |||| 00| 0 cze d
020 |a 9788027802883 
044 |a xr 
100 1 |a  Pošíval, Zdeněk  |4 aut 
245 1 0 |a Satanovo jaro (2. vydání) /  |c  Pošíval, Zdeněk 
264 1 |a Praha :  |b Nakladatelství Epocha s.r.o.,  |c 2026 
300 |a 1 online zdroj (448 stran) 
336 |a text  |b txt  |2 rdacontent 
337 |a bez média  |b n  |2 rdamedia 
338 |a online zdroj  |b cr  |2 rdacarrier 
520 2 |a Druhý díl série historických detektivních příběhů Jožíka Bukovského, který čtenáře zavede od pelhřimovských hradeb až za oceán. Roku 1691 je v Pelhřimově téměř před zraky diváků povražděna tlupa kočovných komediantů, z nichž se zachrání jediná osoba, představitelka Kolombíny. Ta se poté skrývá u zemana Jožíka Bukovského, který je pověřen vyřešit nejen zmíněný zločin, ale i další sérii vražd, páchaných na ženách v okolí. V drsném, ale i lyrickém příběhu plném dobrodružství a sugestivní atmosféry autor kreslí psychologický portrét sadistického pachatele, všímá si dobových vyšetřovacích postupů, lidových zvyků i historických detailů a zavede čtenáře daleko za hranice Pelhřimova, do nejrůznějších zákoutí tehdejší Evropy či Ameriky. 
787 0 8 |g 2  |i Z cyklu:  |t Jožík Bukovský 
910 |a RBIT002 
998 |d 428037  |a https://core.palmknihy.cz/api/books/428037/cover?th8njv  |b https://core.palmknihy.cz/api/books/428037/cover/400?th8njv  |c https://core.palmknihy.cz/api/books/428037/cover/50?th8njv  |e 2031-06-26  |g 448  |i 9788027802883  |j https://core.palmknihy.cz/api/books/428037/preview.epub  |k https://core.palmknihy.cz/api/books/428037/preview.pdf  |l   |q 49  |r 1  |s https://www.palmknihy.cz/kniha/428037  |t ebook  |y 2026  |z 1  |v Jožík Bukovský  |w 2 
999 |d 313970